<?xml version="1.0" encoding="UTF-8"?>
<record
    xmlns:xsi="http://www.w3.org/2001/XMLSchema-instance"
    xsi:schemaLocation="http://www.loc.gov/MARC21/slim http://www.loc.gov/standards/marcxml/schema/MARC21slim.xsd"
    xmlns="http://www.loc.gov/MARC21/slim">

  <leader>00297nam a22001337a 4500</leader>
  <controlfield tag="003">SGT</controlfield>
  <datafield tag="082" ind1=" " ind2=" ">
    <subfield code="a">616.994</subfield>
    <subfield code="b">A08T</subfield>
  </datafield>
  <datafield tag="100" ind1=" " ind2=" ">
    <subfield code="a">TRIVEDI, MRIDULA</subfield>
  </datafield>
  <datafield tag="245" ind1=" " ind2=" ">
    <subfield code="a">ASTROLOGY FOR OVERCOMING CANCER</subfield>
  </datafield>
  <datafield tag="260" ind1=" " ind2=" ">
    <subfield code="a">VARANASI</subfield>
    <subfield code="b">CHAUKHAMBHA PUB</subfield>
    <subfield code="c">2008</subfield>
  </datafield>
  <datafield tag="300" ind1=" " ind2=" ">
    <subfield code="a">405</subfield>
  </datafield>
  <datafield tag="650" ind1=" " ind2=" ">
    <subfield code="a">AYURVEDA</subfield>
  </datafield>
  <datafield tag="942" ind1=" " ind2=" ">
    <subfield code="2">ddc</subfield>
    <subfield code="c">BK</subfield>
  </datafield>
  <datafield tag="952" ind1=" " ind2=" ">
    <subfield code="0">0</subfield>
    <subfield code="1">0</subfield>
    <subfield code="2">ddc</subfield>
    <subfield code="4">0</subfield>
    <subfield code="7">0</subfield>
    <subfield code="8">FA</subfield>
    <subfield code="a">APL</subfield>
    <subfield code="b">APL</subfield>
    <subfield code="c">TXT</subfield>
    <subfield code="d">2016-03-22</subfield>
    <subfield code="e">CHAUKHAMBHA</subfield>
    <subfield code="g">850.00</subfield>
    <subfield code="i">SGTU</subfield>
    <subfield code="l">1</subfield>
    <subfield code="o">616.994 A08T</subfield>
    <subfield code="p">FA4071</subfield>
    <subfield code="r">2021-08-20 00:00:00</subfield>
    <subfield code="s">2021-07-27</subfield>
    <subfield code="w">2016-01-05</subfield>
    <subfield code="y">BK</subfield>
    <subfield code="k">CP/B/776</subfield>
  </datafield>
  <datafield tag="952" ind1=" " ind2=" ">
    <subfield code="0">0</subfield>
    <subfield code="1">0</subfield>
    <subfield code="2">ddc</subfield>
    <subfield code="4">0</subfield>
    <subfield code="5">1</subfield>
    <subfield code="7">0</subfield>
    <subfield code="8">FA</subfield>
    <subfield code="a">APL</subfield>
    <subfield code="b">APL</subfield>
    <subfield code="c">REF</subfield>
    <subfield code="d">2016-03-22</subfield>
    <subfield code="e">CHAUKHAMBHA</subfield>
    <subfield code="g">850.00</subfield>
    <subfield code="i">SGTU</subfield>
    <subfield code="o">616.994 A08T</subfield>
    <subfield code="p">FA4072</subfield>
    <subfield code="r">2016-03-22 00:00:00</subfield>
    <subfield code="w">2016-01-05</subfield>
    <subfield code="y">BK</subfield>
    <subfield code="k">CP/B/776</subfield>
  </datafield>
  <datafield tag="952" ind1=" " ind2=" ">
    <subfield code="0">0</subfield>
    <subfield code="1">0</subfield>
    <subfield code="2">ddc</subfield>
    <subfield code="4">0</subfield>
    <subfield code="7">0</subfield>
    <subfield code="8">FA</subfield>
    <subfield code="a">APL</subfield>
    <subfield code="b">APL</subfield>
    <subfield code="c">TXT</subfield>
    <subfield code="d">2016-03-22</subfield>
    <subfield code="e">CHAUKHAMBHA</subfield>
    <subfield code="g">850.00</subfield>
    <subfield code="i">SGTU</subfield>
    <subfield code="o">616.994 A08T</subfield>
    <subfield code="p">FA4073</subfield>
    <subfield code="r">2016-03-22 00:00:00</subfield>
    <subfield code="w">2016-01-05</subfield>
    <subfield code="y">BK</subfield>
    <subfield code="k">CP/B/776</subfield>
  </datafield>
  <datafield tag="952" ind1=" " ind2=" ">
    <subfield code="0">0</subfield>
    <subfield code="1">0</subfield>
    <subfield code="2">ddc</subfield>
    <subfield code="4">0</subfield>
    <subfield code="7">0</subfield>
    <subfield code="8">FA</subfield>
    <subfield code="a">APL</subfield>
    <subfield code="b">APL</subfield>
    <subfield code="c">TXT</subfield>
    <subfield code="d">2016-03-22</subfield>
    <subfield code="e">CHAUKHAMBHA</subfield>
    <subfield code="g">850.00</subfield>
    <subfield code="i">SGTU</subfield>
    <subfield code="l">0</subfield>
    <subfield code="o">616.994 A08T</subfield>
    <subfield code="p">FA4074</subfield>
    <subfield code="r">2016-03-22 00:00:00</subfield>
    <subfield code="w">2016-01-05</subfield>
    <subfield code="y">BK</subfield>
    <subfield code="k">CP/B/776</subfield>
  </datafield>
  <datafield tag="952" ind1=" " ind2=" ">
    <subfield code="0">0</subfield>
    <subfield code="1">0</subfield>
    <subfield code="2">ddc</subfield>
    <subfield code="4">0</subfield>
    <subfield code="7">0</subfield>
    <subfield code="8">FA</subfield>
    <subfield code="a">APL</subfield>
    <subfield code="b">APL</subfield>
    <subfield code="c">TXT</subfield>
    <subfield code="d">2016-03-22</subfield>
    <subfield code="e">CHAUKHAMBHA</subfield>
    <subfield code="g">850.00</subfield>
    <subfield code="i">SGTU</subfield>
    <subfield code="l">1</subfield>
    <subfield code="o">616.994 A08T</subfield>
    <subfield code="p">FA4075</subfield>
    <subfield code="r">2017-04-18 00:00:00</subfield>
    <subfield code="s">2017-03-25</subfield>
    <subfield code="w">2016-01-05</subfield>
    <subfield code="y">BK</subfield>
    <subfield code="k">CP/B/776</subfield>
  </datafield>
  <datafield tag="999" ind1=" " ind2=" ">
    <subfield code="c">8551</subfield>
    <subfield code="d">8551</subfield>
  </datafield>
</record>
